Propuestas para el mejoramiento del sistema de suministros de la C.C.S.S
Guardado en:
| Autor principal: | |
|---|---|
| Otros Autores: | , |
| Formato: | Libro |
| Publicado: |
[San José , Costa Rica]
1984
|
| Etiquetas: |
Agregar Etiqueta
Sin Etiquetas, Sea el primero en etiquetar este registro!
|
MARC
| LEADER | 00000nam a2200000Ia 4500 | ||
|---|---|---|---|
| 003 | 002353 | ||
| 005 | 20221231144413.0 | ||
| 008 | 140114s1984 c a m 000 ||s d | ||
| 040 | |c cru CEDI | ||
| 090 | |a TFG 1433 | ||
| 100 | |a Fendt Miranda, Johanna |9 15025 | ||
| 245 | |a Propuestas para el mejoramiento del sistema de suministros de la C.C.S.S | ||
| 260 | |c 1984 |a [San José , Costa Rica] | ||
| 300 | |a 298 hojas :ilustraciones | ||
| 500 | |a Proyecto de graduación. Universidad de Costa Rica. Facultad de Ingeniería. Escuela de Ingeniería Industrial | ||
| 700 | |9 15026 |a Rodríguez Reyes, Javier | ||
| 700 | |9 15027 |a Soto Alvarado, Juan Carlos | ||
| 942 | |c TFG | ||
| 999 | |c 21374 |d 21374 | ||
